LEADER 01362nam a2200301 i 4500 001 000000171382 003 CaOOAMICUS 005 20081014000000.0 008 081014s2008 it u000 u ita u 013 $a148813 020 $a978-88-16-60363-9 020 $a978-88-311-9296-5 040 $aSeMil$bita 100 1 $aLaboa Gallego, Juan María <1939- >.$0(OLS)http://semarc/name/3748 245 10$aAtlante dei concili e dei sinodi nella storia della Chiesa /$cJuan María Laboa ; [trad. di Lucia Mezzetti ... et al.]. 260 $aRoma :$bCittà Nuova,$c2008. 260 $aMilano :$bJaca Book,$c2008. 300 $a238 p. :$bricc. ill. ;$c32 cm. 650 4$aChiesa - Enciclopedie e dizionari.$0(OLS)http://semarc/subject/98 700 1 $aMezzetti, Lucia.$0(OLS)http://semarc/name/64090 850 $aSeMil 852 $aSeMil$W1$xVenegono$y1$mSL1.F IX 37$j122251$B122251$CSeMilBibl$Z2$F133599 $8I 961 $aAcquisto: Città Nuova (Agente) 996 $6020$a978-88-16-60363-9$9(OLS)http://semarc/number/158480 996 $6020$a978-88-311-9296-5$9(OLS)http://semarc/number/158481 996 $6245$aAtlante dei concili e dei sinodi nella storia della Chiesa$9(OLS)http://semarc/title/408917 996 $6260$aMilano :$bJaca Book$9(OLS)http://semarc/publisher/29781 996 $6260$aRoma :$bCittà Nuova$9(OLS)http://semarc/publisher/29609 LEADER 01246nam a2200265 4500 001 000000330596 003 CaOOAMICUS 005 20181005135636.0 008 181005s1997 it 000 u ita r 020 $a88-452-3002-3 040 $aSeMil$bita 100 1 $aGuitton, Jean,$d<1901-1999>.$0(OLS)http://semarc/name/848 240 13$aLe siècle qui s'annonce.$0(OLS)http://semarc/title/419063 245 13$aIl secolo che verrà :$bconversazioni con Philippe Guyard /$cJean Guitton ; traduzione di Antonietta Francavilla. 264 1$aMilano :$bBompiani,$c1997. 300 $a201 p. ;$c23 cm 650 4$aGuitton, Jean <1901-1999> - Interviste.$0(OLS)http://semarc/subject/11481 700 1 $aGuyard, Philippe,$eintervistatore.$0(OLS)http://semarc/name/47813 700 1 $aFrancavilla, Antonietta,$etraduttore.$0(OLS)http://semarc/name/108232 850 $aSeMil 852 $aSeMil$W1$xVenegono$y1$m1V III 284$j210891$B224630$CSeMilBibl$Z2$F224630 $81 996 $6020$a88-452-3002-3$9(OLS)http://semarc/number/285297 996 $6245$aIl secolo che verrà :$bconversazioni con Philippe Guyard$9(OLS)http://semarc/title/419062 996 $6264$aMilano :$bBompiani$9(OLS)http://semarc/publisher/29706